Catalog

Record Details

Catalog Search



Rakovina prostaty / Zdeněk Dienstbier

Record details

  • ISBN: 80-239-3616-6
  • Physical Description: 8 s. ; 21 cm
  • Publisher: Praha : Liga proti rakovině, [2004?]

Content descriptions

General Note:
Název z obálky
Bibliography, etc. Note:
Obsahuje bibliografii
Subject: rakovina prostaty
Genre: informační publikace

Available copies

  • 1 of 1 copy available at Common Catalog SPOK.

Holds

  • 0 current holds with 1 total copy.
Show Only Available Copies
Location Call Number / Copy Notes Barcode Shelving Location Status Due Date
Hospic Dobrého Pastýře PA
Tematická katagorie: Odborná - paliativní péče (PA)
204595701920 Skříň ve 2. patře (SKŘ) Available -

LDR 00872nam a2200277 a 4500
00130099
003CZ-PrJAB
00520180305113756.0
007ta
008050128s2004 xr erf 000 0 cze d
020 . ‡a80-239-3616-6 ‡q(v knize neuvedeno ; ‡qbrož.)
035 . ‡a(CZ PrSKC)000761531
040 . ‡aBOA001 ‡bcze
072 7. ‡a616 ‡xPatologie. Klinická medicína ‡2Konspekt ‡914
080 . ‡a616.65-006.04 ‡2MRF
080 . ‡a(036) ‡2MRF
1001 . ‡aDienstbier, Zdeněk, ‡d1926-2012 ‡7jk01022262 ‡4aut
24510. ‡aRakovina prostaty / ‡cZdeněk Dienstbier
260 . ‡aPraha : ‡bLiga proti rakovině, ‡c[2004?]
300 . ‡a8 s. ; ‡c21 cm
500 . ‡aNázev z obálky
504 . ‡aObsahuje bibliografii
65007. ‡arakovina prostaty ‡7ph135009 ‡2czenas
655 7. ‡ainformační publikace ‡7fd132454 ‡2czenas
910 . ‡aBNE702
901 . ‡a30099 ‡b ‡c30099 ‡tbiblio

Additional Resources